1968 1957 1678 1285 1942 1343 1844 1236 1217 1234 1047 1987 1521 1104 1113 1299 1140 1542 1054 1499 1511 1801 1463 1306 1559 1530 1174 1166 1315 1014 1046 1510 1569 1004 1879 1620 1345 1745 1458 1489 1591 1624 1536 1462 1062 1279 1790 1295 1841 1983 1803 1110 1022 1957 1906 1498 1466 1263 1914 1853 1200 1083 1921 1349 1679 1482 1934 1630 1447 1437 1032 1850 1057 1499 1838 1946 1483 1028 1408 1166 1710 1569 1240 1600 1785 1040 1972 1315 1003 2000 1166 1880 1975 1053 1286 1470 1868 1639 1237 BCNSPRNW ULIB Ver.6.0+V

เปลี่ยนเป็นภาษาไทย

Change to English
 แสดงรายละเอียดบรรณานุกรม
  กลับหน้าหลัก

Brief Record : Get Marc (ISO 2709) : E-mail record : QR code < ปิดหน้าต่าง
LEADER : 00000nam 2200000uu 4500
001    13399126205
003     ULIB
008    180725s||||||||th 000 0 tha d
020    ^a9780702062117
060    ^aWQ165^bM114M
100    ^aSue Macdonald
245    ^aMayes Midwifery/^cSue Macdonald,Gail Johnson
250    ^a15th ed
260    ^aNew York :^bElsevier,^c2017
300    ^a1204 pages
650    ^aMidwifery
700    ^aGail Johnson
945    ^p0^l0^i26422
999    ^aกัณชพร จุลอักษร
รายการนี้ยังไม่มีแท็ก
คุณยังไม่ได้ล็อกอิน คุณสามารถมีกิจกรรมร่วมกับเว็บไซต์ได้ แต่ต้องล็อกอินก่อน ::
  ล็อกอิน

รายการสื่อสารสนเทศ

ลำดับที่ ประเภท เลขเรียก/บาร์โค้ด สถานที่ สถานะ
1. วิทยาศาสตร์การแพทย์ และสุขภาพ
วิทยาศาสตร์การแพทย์ และสุขภาพ
WQ165 M114M ฉ.1 
  Barcode: 26422
ห้องสมุดวิทยาเขตนครสวรรค์
►หนังสือทั่วไป:l:General Books
ถูกยืม กำหนดส่งวันที่ 21 มิถุนายน 2566
  จอง

รายการใกล้เคียง
    ผู้แต่ง [Sue Macdonald]

    หัวเรื่อง [Midwifery]

BibComment


ยังไม่เคยถูกคอมเมนท์

คอมเมนท์ทรัพยากรรายการนี้
  คอมเมนท์: Mayes Midwifery ..


 Copyright 2026. Bcnsprnw @Library